000 01146cam a2200289 a 4500
999 _c636
_d636
001 4019238
003 OSt
005 20210616075108.0
008 971230s1998 nyua b 001 0 eng
010 _a 97052800
020 _a0471120367 (alk. paper)
040 _aDLC
_cDLC
_dDLC
050 0 0 _aHD38.5
_b.G58 1998
082 0 0 _a658.5
_221
245 0 0 _aGlobal operations and logistics :
_btext and cases /
_cPhilippe-Pierre Dornier ... [et al.].
260 _aNew York :
_bJohn Wiley,
_cc1998.
300 _axvi, 453 p. :
_bill. ;
_c26 cm.
504 _aIncludes bibliographical references and index.
650 0 _aBusiness logistics.
650 0 _aIndustrial management.
700 1 _aDornier, Philippe-Pierre.
856 4 2 _3Publisher description
_uhttp://www.loc.gov/catdir/description/wiley032/97052800.html
856 4 _3Table of Contents
_uhttp://www.loc.gov/catdir/toc/onix03/97052800.html
906 _a7
_bcbc
_corignew
_d1
_eocip
_f19
_gy-gencatlg
942 _2lcc
_cBK
_nSO